Pink 'Get The Party Started' Lyrics - Statistics

General Stats
  • This quiz has been taken 12 times
  • The average score is 188 of 236
Answer Stats
Answer % Correct
A
100%
Be
100%
Beat
100%
Better
100%
Comin'
100%
Get
100%
I
100%
I'm
100%
Me
100%
My
100%
Night
100%
On
100%
Party
100%
So
100%
Started
100%
The
100%
This
100%
To
100%
You
100%
All
91%
For
91%
Go
91%
In
91%
Of
91%
Saturday
91%
Up
91%
Waitin'
91%
What
91%
Arrive
82%
Benz
82%
Can
82%
Everybody's
82%
Friends
82%
If
82%
Lookin'
82%
Mercedes
82%
As
73%
Ass
73%
Dancin'
73%
I'll
73%
Out
73%
We'll
73%
You'll
73%
And
64%
Down
64%
Flashy
64%
Kissin'
64%
Know
64%
Mean
64%
Miles
64%
Pull
64%
Your
64%
Burnin'
55%
Car
55%
Diamond
55%
Gold
55%
Got
55%
Now
55%
Rings
55%
Rubber
55%
Style
55%
They're
55%
Bumper
45%
Message
45%
One
45%
Right
45%
Sendin'
45%
Anytime
36%
Call
36%
Check
36%
Cruisin'
36%
License
36%
Number
36%
Operator
36%
Plate
36%
Side
36%
Superstar
36%
Through
36%
Volume
36%
West
36%
With
36%
Breakin'
27%
Checkin'
27%
Lotsa
27%
Oh
27%
Pumpin'
27%
Says
27%
Scene
27%
Connection
18%
Fast
18%
Freakin'
18%
Is
18%
Line
18%
Room
18%
Stunner
18%
Boulevard
9%
Brand
9%
New
9%
Set
9%
Chillin'
0%
Enter
0%
Groove
0%
Makin'
0%
No matching quizzes found
Score Distribution
Percent of People with Each Score
Percentile by Number Answered
Your Score History
You have not taken this quiz